000 01303cam a2200205 i 4500
999 _c7746
_d7746
003 OSt
005 20200518142338.0
008 131108s2014 nyua b 001 0 eng
020 _a9780415817813 (pbk)
082 0 0 _a720.284ABR
_223
100 1 _aAbrams, Michael
_q(Michael C.)
245 1 4 _aThe art of city sketching :
_ba field manual /
_cMichael Abrams.
300 _axix, 312 pages :
_billustrations ;
_c29 cm
520 _a"The Art of City Sketching: A Field Manual guides you through the laborious and sometimes complex process of sketching what you see around you so that you can learn to draw what you imagine. Illustrated with hundreds of drawings by students and professionals of cityscapes around Europe and the United States, the book will help you develop your conceptual drawing skills so that you can communicate graphically to represent the built environment. Short exercises, projects, drawing tips, step-by-step demonstrations, and composition do's and don'ts make it easy for you to get out into the city and experiment in your own work"--
650 0 _aArchitectural drawing
_xTechnique.
650 7 _aARCHITECTURE / Design, Drafting, Drawing & Presentation.
_2bisacsh
650 7 _aART / Techniques / Drawing.
_2bisacsh
650 7 _aARCHITECTURE / Reference.
_2bisacsh
942 _2ddc